<?xml version="1.0" encoding="UTF-8"?>
<collection xmlns:xsi="http://www.w3.org/2001/XMLSchema-instance" xsi:schemaLocation="http://www.loc.gov/MARC21/slim http://www.loc.gov/standards/marcxml/schema/MARC21slim.xsd" xmlns="http://www.loc.gov/MARC21/slim">
 <record>
  <leader>00000ctm a22000003a 4500</leader>
  <controlfield tag="001">UP-99796217613424776</controlfield>
  <controlfield tag="003">Buklod</controlfield>
  <controlfield tag="005">20200707184606.0</controlfield>
  <controlfield tag="006">t    gr     000 0 </controlfield>
  <controlfield tag="007">ta</controlfield>
  <controlfield tag="008">200707s2000    xx     d     r    |||| u|</controlfield>
  <datafield tag="035" ind1=" " ind2=" ">
   <subfield code="a">(iLib)UPD-00516573384</subfield>
  </datafield>
  <datafield tag="040" ind1=" " ind2=" ">
   <subfield code="a">DMC</subfield>
   <subfield code="e">rda</subfield>
  </datafield>
  <datafield tag="041" ind1=" " ind2=" ">
   <subfield code="a">eng</subfield>
  </datafield>
  <datafield tag="041" ind1=" " ind2=" ">
   <subfield code="a">fil</subfield>
  </datafield>
  <datafield tag="100" ind1="1" ind2=" ">
   <subfield code="a">Padilla, Johann</subfield>
   <subfield code="e">author.</subfield>
  </datafield>
  <datafield tag="245" ind1="1" ind2="0">
   <subfield code="a">Hyperion waikiki bang-bang</subfield>
   <subfield code="c">by Johann Padilla.</subfield>
  </datafield>
  <datafield tag="264" ind1=" " ind2="0">
   <subfield code="a">Quezon City</subfield>
   <subfield code="b">College of Mass Communication, University of the Philippines Diliman</subfield>
   <subfield code="c">2000.</subfield>
  </datafield>
  <datafield tag="300" ind1=" " ind2=" ">
   <subfield code="a">38 leaves</subfield>
   <subfield code="b">color illustrations</subfield>
   <subfield code="c">28 cm</subfield>
  </datafield>
  <datafield tag="336" ind1=" " ind2=" ">
   <subfield code="a">text</subfield>
   <subfield code="2">rdacontent</subfield>
  </datafield>
  <datafield tag="337" ind1=" " ind2=" ">
   <subfield code="a">unmediated</subfield>
   <subfield code="2">rdamedia</subfield>
  </datafield>
  <datafield tag="338" ind1=" " ind2=" ">
   <subfield code="a">volume</subfield>
   <subfield code="2">rdacarrier</subfield>
  </datafield>
  <datafield tag="500" ind1=" " ind2=" ">
   <subfield code="a">Vita.</subfield>
  </datafield>
  <datafield tag="502" ind1=" " ind2=" ">
   <subfield code="a">Thesis (A.B. Film and Audiovisual Communication)--University of the Philippines Diliman</subfield>
   <subfield code="d">April 2000.</subfield>
  </datafield>
  <datafield tag="506" ind1=" " ind2=" ">
   <subfield code="a">Available to the general public.</subfield>
  </datafield>
  <datafield tag="520" ind1=" " ind2=" ">
   <subfield code="a">Hyperion Waikiki Bang-Bang is an animated short film about a hitman and a hitwoman who have broken up, but have some loose ends they have to tie up. They have to face each other for the final confrontation because the hitman is the typical macho sort who thinks nothing of having some floozies on the side. And the woman is not the type to take that kind of behavior with emotional weakness or passiveness. As they face each other guns drawn and ready to be used, in the great Oceanic city of Hyperion, the hitman accidentally shoots down a flying dolphin, which knocks him off the gargoyle he is perched on. He falls to the street hundreds of stories below. The purpose of this thesis is create a film that encompasses many elements taken from my personal taste in film, which is that of genre movies, like sci-fi or gangster flicks. Even (and in some cases, most especially) cheap ones. It also contains elements of anime and comic book influences. Hyperion Waikiki Bang Bang was animated on a dual 233 Pentium workstation with 325 Mb of memory and 10 Gigs or more of hard disk space. The Poser 3 animation program from MetaCreations was used at first, before the Poser 4 from the same company was released. Some elements were modeled in the 3D Studio Max program, and then imported into the Poser. Although animated using a 3D animation program, the film was given its distinctive 2D look by rendering the sequences in the Poser 3's sketch mode. The Poser 4 contained a far more advanced version of the sketch mode, but the Poser 3's original sketch style was the look I felt most suited the story and the planned sequences. The background sky was done in Photoshop, and given movement in Adobe Premiere, while gunshot effects came from the AfterEffects program. The style is comic book-like, with the characters sometimes resembling figures drawn by comic book artists David Mazzuchelli or Keith Giffen. Certain scenes are done with a pseudo-anime touch, although the overall visual style may be likened to a kind of cinematic cartoon noir. A certain B-Movie flavor is also introduced through the use of a somewhat cheesy Hawaiian music soundtrack, hence the Waikiki in the title, also contributing to the overall pastiche effect, making it a weird neo-Hawaiian anime noir, if such a thing can ever exist. The other part of the soundtrack is composed of electronica tracks done on the MTV Music Generator on the Sony Playstation game console, reflecting some video game influences, as well as certain new films such as Run, Lola, Run (1999). So I guess that I would call it postmodern - it is after all a pastiche of many different styles and influences, and not all of them from the film medium.</subfield>
  </datafield>
  <datafield tag="650" ind1=" " ind2="0">
   <subfield code="a">Hyperion waikiki bang-bang (Short films</subfield>
   <subfield code="z">Philippines).</subfield>
  </datafield>
  <datafield tag="650" ind1=" " ind2="0">
   <subfield code="a">Assassins</subfield>
   <subfield code="z">Philippines.</subfield>
  </datafield>
  <datafield tag="710" ind1="2" ind2=" ">
   <subfield code="a">University of the Philippines Diliman</subfield>
   <subfield code="b">College of Mass Communication.</subfield>
  </datafield>
  <datafield tag="905" ind1=" " ind2=" ">
   <subfield code="a">FI</subfield>
  </datafield>
  <datafield tag="905" ind1=" " ind2=" ">
   <subfield code="a">UP</subfield>
  </datafield>
  <datafield tag="852" ind1="0" ind2=" ">
   <subfield code="a">UPD</subfield>
   <subfield code="b">DMC</subfield>
  </datafield>
  <datafield tag="942" ind1=" " ind2=" ">
   <subfield code="a">Thesis</subfield>
  </datafield>
 </record>
</collection>
